111 «One» Questions - Statistics

General Stats
  • This quiz has been taken 743 times
  • The average score is 52 of 111
Answer Stats
% Hint Answer % Correct
4 What bees produce Honey
96%
7 1st month of the year January
96%
1 Letter used for the Latin number 1 I
94%
12 "One" in Spanish and Italian Uno
94%
5 Also called the "Great War" World War I
92%
2 Harry Styles' boy group One Direction
90%
3 Country with the calling code +1 United States / Canada
87%
8 Has the atomic number 1 Hydrogen
86%
10 President on the one-dollar-bill George Washington
85%
33 Drinking age in the USA 21
81%
16 This Queen died in 1901 Victoria
81%
18 Not a return ticket One-way ticket
75%
27 1^2 + 2^2 + 3^2 + 4^2 + 5^2 + 6^2 91
74%
35 There were 101 of these black and white dogs Dalmatians
72%
47 Around twice as many of these electronic devices are in use than there are people in the world Mobile phones
72%
83 1st day of the week (in most countries) Monday
72%
70 A king's seat Throne
72%
55 Year of the attack on Pearl Harbor 1941
71%
6 A Space Odyssey 2001
71%
15 Resident of the British capital Londoner
71%
29 Most prestigious car racing class Formula 1
70%
43 US Air Force area in Nevada where allegedly aliens or UFOs are being examined Area 51
69%
9 Piece of rock Stone
69%
50 Legendary one-horned creature Unicorn
69%
94 1st planet in the solar system Mercury
68%
30 The US President's plane Air Force One
66%
42 By yourself Alone
65%
67 Protecting layer in the stratosphere Ozone layer
65%
54 Male bee or unmanned aerial vehicle Drone
62%
98 ... With the Wind Gone
62%
86 Casual sexual encounter One-night stand
62%
82 Population planning policy in China between 1979 and 2015 One-child policy
61%
38 Potentially harmful bacteria most often spread by undercooked poultry or eggs Salmonella
60%
23 1st human in space Yuri Gagarin
59%
101 Skyscraper in Taiwan's capital, formerly the tallest in the world Taipei 101
58%
91 Duplicate it, add a 9 and get an important emergency phone number 9-1-1
57%
56 Exact DNA copy Clone
57%
75 Gum-like polymer, famously used for breast implants Silicone
57%
100 It took Usain Bolt 9.58 seconds to run them 100 metres
56%
34 folded pizza Calzone
56%
20 The world's most populous one-party state China
56%
39 1st Roman emperor Augustus
55%
28 Rotating storm Cyclone
55%
62 Nickname of Texas Lone Star State
55%
78 Thomas Jefferson became US President in this year 1801
53%
19 Brooklyn peninsula with amusement parks Coney Island
53%
87 Japanese Junko Tabei was the first woman to summit this mountain Mount Everest
53%
21 Between tenor and bass Baritone
52%
84 In 1501, Michelangelo starts working on this giant marble statue in Florence (completed 1504) David
52%
14 Collection of Arabic tales One Thousand and One Nights
52%
24 Goes with tea in the afternoon Scones
52%
107 Residents of Alcatraz Prisoners
49%
89 Murray Head's "One Night in Bangkok" was a hit of this muscial Chess
48%
90 Magnus Carlsen has been the world's No. 1 in this sport since 2011 Chess
48%
61 Irish band that had a hit called "One" in the 1990s U2
48%
31 One-humped camel Dromedary
47%
103 The square root of 961 31
46%
44 How many were left at the end of "Ten Little Soldier Boys?" None
46%
73 Poverty and civil war stricken country in West Africa Sierra Leone
46%
52 Italian vegetable soup Minestrone
44%
74 A penny's worth One cent
44%
88 Cambodian mass murderer called "Brother Number One" Pol Pot
42%
17 Glenn Miller's instrument Trombone
42%
36 Highest building on the WTC site in Manhattan One World Trade Center
40%
111 Number of the Swissair flight that crashed in 1998 near Halifax, Canada 111
39%
76 Star of "One Flew Over the Cuckoo's Nest" movie (1975) Jack Nicholson
39%
11 Used in laser printers Toner
39%
63 Gabriel Garcia Marquez novel: "One Hundred Years of..." Solitude
38%
53 2016 Star Wars film Rogue One
37%
22 King in the land of the blind One-eyed man
36%
80 Usually wears the No 1 jersey in football Goalkeeper
35%
109 No 121 starts with: "I lift up my eyes to the hills.From where does my help come? My help comes from the Lord who made heaven and earth" Psalm
35%
51 Russian-occupied city and region in Eastern Ukraine Donetsk
34%
57 "Las Ketchup" with their "Ketchup song" are a typical example One-hit wonder
34%
71 What TV detective's catchphrase was: "Just one more thing"? Columbo
33%
66 What Nelson Mandela demanded: "One man, one..." Vote
33%
59 Between Countess and Lady Baroness
32%
49 TV series on a forensic anthropologist starring Emily Deschanel Bones
32%
37 Indigenous peoples of Canada First Nations
32%
40 Wayne Gretzky's nickname The Great One
32%
48 Slot machine One-armed bandit
31%
45 Has spent the most weeks as No 1 of the ATP ranking Novak Djokovic
30%
64 Nickname of Confederate Army General Thomas Jonathan Jackson Stonewall
30%
68 1978 cult massacre site in the jungle of Guyana Jonestown
28%
69 This Apache leader's real name was "The one who yawns" Geronimo
27%
92 Successful Japanese manga and anime series about a bunch of pirates One Piece
27%
106 NIckname of England's women's soccer team Lionesses
24%
97 Won Super Bowl I Green Bay Packers
23%
58 Soccer coach dubbed "The Special One" José Mourinho
23%
65 Pop band from Colorado Springs ("Apologize") OneRepublic
21%
25 Scenic road in California Highway 1
20%
41 Four times British PM or Donald Duck rival Gladstone
19%
81 What cowboys allegedly are (according to Lucky Luke or an Elvis song) Lonesome
18%
32 Alicia Keys song of 2007 No one
18%
79 One of the world's top 3 tire producers Bridgestone
17%
60 Origin of the phrase: "There can be only one" Highlander
17%
72 Biased, unequal One-sided
16%
99 1973 Pink Floyd song Money
15%
77 What a real hombre has Cojones
14%
95 Famous Pushkin verse novel (and Tchaikovsky opera) about a Russian dandy (Eugene) Eugene Onegin
14%
26 Large lake in Northwestern Russia Onega
14%
13 Windflower Anemone
12%
104 Northern Ireland county ("Tir Eoghain") Tyrone
12%
46 Canadian director of horror films ("The Fly", "Naked Lunch") David Cronenberg
11%
93 In ice hockey: shooting without controlling the puck first One-timer
11%
85 Family of sea snails also called "sea ears" Abalone
9%
96 1st British monarch Anne
9%
105 French department with the number 01 Ain
6%
102 Northern Irish punk band best known for their song "Teenage Kicks" (1978) The Undertones
6%
110 Number one in Arabic Wahid
6%
108 Town in Romania, birthplace of gymnast Nadia Comaneci Onesti
2%
No matching quizzes found
Score Distribution
Percent of People with Each Score
Percentile by Number Answered
Your Score History
You have not taken this quiz